Pensamiento crítico

Gorde:
Xehetasun bibliografikoak
Egile Nagusiak: Cázares González, Fidel Gerardo (Egilea), López Díaz, José Luis (Egilea)
Formatua: Liburua
Hizkuntza:gaztelania
Argitaratua: Ciudad de México Pearson Educación 2006
Edizioa:1a. ed
Gaiak:
Etiketak: Etiketa erantsi
Etiketarik gabe, Izan zaitez lehena erregistro honi etiketa jartzen!

MARC

LEADER 00000nam a2200000 a 4500
001 UCI3772
003 CL-VaPUC
008 071130e20060000MX |||||||||||||||||spa|d
020 |a 9702607116 
082 0 4 |a 153.42  |b CAZ  |2 21 
100 0 |a Cázares González, Fidel Gerardo  |e author  |9 525282 
700 0 |a López Díaz, José Luis  |e author  |9 525283 
245 1 0 |a Pensamiento crítico 
250 |a 1a. ed 
300 |a 130 p 
942 |c BK 
945 |d 20071130 00:00:00  |a rbrito 
260 |a Ciudad de México  |b Pearson Educación  |c 2006 
650 0 |a Pensamiento crítico  |9 455560 
650 0 |a Inteligencia  |9 267038 
650 0 |a Procesos mentales superiores  |9 330839 
650 0 |a Razonamiento  |9 256520 
650 0 |a Teoría del conocimiento   |9 255038 
583 |a last modification  |c 20121001 10:21:37  |k Rodrigo Vera 
999 |c 327865  |d 327863 
952 |0 0  |1 0  |4 0  |6 153_420000000000000_CAZ_2006  |7 0  |8 A  |9 411359  |a BIBMAT  |b BIBMAT  |c E_DIDACT  |d 2019-11-22  |i 4392671  |o 153.42 CAZ 2006  |p 4392671  |r 2025-01-07  |w 2019-11-22  |y BK  |k MAT 
952 |0 0  |1 0  |4 0  |6 153_420000000000000_CAZ_2006  |7 0  |8 A  |9 411360  |a BIBEDU  |b BIBEDU  |d 2019-11-22  |i 4493966  |o 153.42 CAZ 2006  |p 4493966  |r 2019-11-22  |w 2019-11-22  |y BK  |k EBA